00733nam a22002417a 4500003000500000005001700005008004100022010000900063011000900072035000900081040000900090100001600099245006200115260006700177300001900244490006400263650002500327650002400352650001600376700001700392700001800409830006400427CHAP20220329133452.0971013s1987 r 00010 d a6715 a7687 a6911 cCHAP00aLove, S. L. aMeristem-tip culture and virus indexing of sweet potatoes aRome :bInternational Board for Plant Genetic Resources,c1987 a46 p.b: ilus. aPractical manuals for handling crop germplasm in vitrov; 114aCamotexGermoplasma.14aCultivo de tejidos.14aMeristemos.0 aMoyer, J. W.0 aRhodes, B. B.0 aPractical manuals for handling crop germplasm in vitrov; 1